• 首页
  • 本馆介绍
  • 公告通知
  • 最新文献
  • 馆藏检索
  • 电子资源
  • 读者导购
  • 参考咨询
  • 我的图书馆
  • 登录
  • 详细信息显示
  • 放入我的书架
  • 预约/预借图书
  • 作者相关作品
  • 分类相关作品
  • 丛书相关作品
  • 出版社相关作品

书目信息

  • 表格格式
  • 工作单格式
  • 卡片格式
题名:
健康教育学
    
 
作者: 王健
分册:  
出版信息: 北京   高等教育出版社  2006
页数: 340
开本: 26cm
丛书名:
单 册:
中图分类: R193
科图分类:
主题词: 医药卫生组织机构 , 医疗保健事业
电子资源:
ISBN: 7-04-019651-4
000 00522nam0 2200193 450
001 0736480453
005 20070817100800.46
010    @a7-04-019651-4@d¥27.50
100    @a20070817d km y0chiy0120 ea
101 0  @achi
200 1  @a健康教育学@Ajian kang jiao yu xue@f王健等@Fwang jian deng
210    @a北京@c高等教育出版社@d2006
215    @a340@d26cm
606 0  @a医药卫生组织机构
606 0  @a医疗保健事业
690    @aR193@v3
701  0 @a王健@Awang jian
801  0 @aCN@bPFT@c20070817
905    @a213230@dR193@et2@f1
    
    健康教育学/王健等.-北京:高等教育出版社,2006
    340;26cm
    
    
    ISBN 7-04-019651-4:¥27.50
    
●
相关链接 在E读中查询图书 在五车中查询图书 在当当中查询图书 在豆瓣中查询图书


正题名:健康教育学     索取号:R193/t2         预约/预借

序号 登录号 条形码 馆藏地/架位号 状态 备注
1 6901317   269013177   密集书库-体育系/ [索取号:R193/t2] 在馆    
唐山师范学院图书馆 欢迎您!
大连网信软件有限公司© 版权所有